Η εβραϊκή κοινότητα της Θεσσαλονίκης : πτυχές αντισημιτικού λόγου στην εφημερίδα Μακεδονία (1921-1931) : διπλωματική μεταπτυχιακή εργασία
Αποθηκεύτηκε σε:
| Κύριος συγγραφέας: | |
|---|---|
| Συγγραφή απο Οργανισμό/Αρχή: | |
| Άλλοι συγγραφείς: | |
| Μορφή: | Thesis Βιβλίο |
| Γλώσσα: | Greek |
| Δημοσίευση: |
2013
|
| Θέματα: | |
| Διαθέσιμο Online: | http://hdl.handle.net/11610/14501 |
| Ετικέτες: |
Προσθήκη ετικέτας
Δεν υπάρχουν, Καταχωρήστε ετικέτα πρώτοι!
|
MARC
| LEADER | 00000cam a2200000 i 4500 | ||
|---|---|---|---|
| 001 | 1/56099 | ||
| 008 | 140916s2013 gre d | ||
| 035 | |l 10119123 | ||
| 040 | |a GR-MY-UA |b gre |e aacr | ||
| 041 | 0 | |a gre | |
| 082 | 0 | |a 079 |2 (22) | |
| 100 | 1 | |a Χατζηλούη, Σοφία. | |
| 245 | 1 | 2 | |a Η εβραϊκή κοινότητα της Θεσσαλονίκης : |b πτυχές αντισημιτικού λόγου στην εφημερίδα Μακεδονία (1921-1931) : διπλωματική μεταπτυχιακή εργασία / |c Χατζηλούη Σοφία ; επιβλέπων καθηγητής: Χάρης Εξερτζόγλου |
| 260 | |c 2013 | ||
| 300 | |a 141 σ.; |c 30 εκ. | ||
| 500 | |a Βιβλιογραφία: σ. 138-141 | ||
| 502 | |a Διατριβή (μεταπτυχιακή) – Πανεπιστήμιο Αιγαίου, Λέσβος, 2013. | ||
| 650 | 0 | 0 | |a Antisemitism |z Greece |x History. |
| 650 | 0 | 0 | |a Jews |z Greece |z Thessalonike |x History |y 20th century. |
| 650 | 0 | 0 | |a Press and politics |z Greece |x History. |
| 650 | 0 | 0 | |a Newspapers |x Sections, columns, etc. |x Jews. |
| 650 | 0 | 0 | |a Greek newspapers |x Sections, columns, etc. |x Jews. |
| 650 | 0 | 0 | |a Dissertations, Academic |z Greece. |
| 700 | 1 | |a Εξερτζόγλου, Χάρης, |e dgs [Επιβλέπων καθηγητής] | |
| 710 | 2 | |a Πανεπιστήμιο Αιγαίου. |b Σχολή Κοινωνικών Επιστημών. |b Τμήμα Κοινωνικής Ανθρωπολογίας και Ιστορίας. |b Πρόγραμμα Μεταπτυχιακών Σπουδών Κοινωνική και Ιστορική Ανθρωπολογία. | |
| 852 | |a INST |b LESVOS |c DIATR |e 20140916 |h 223 |p 005100055246 |q 005100055246 |t MTXE |y 23 | ||
| 852 | |a INST |b LESVOS |c DIATR |e 20140916 |h 224 |p 005100055247 |q 005100055247 |t MTXE |y 23 | ||
| 856 | |u http://hdl.handle.net/11610/14501 | ||
| 901 | |a BIBL1-2014-3 | ||
| 909 | |a Λ |b 190624 | ||
| 909 | |a Λ |b 190625 | ||
| 924 | |a ΧΑΤΖΗΛΟΥΗ |b ΣΟΦΙΑ |y ΛΕΣΒΟΣ |z 2013-01 | ||
| 970 | |a ΤΖΑΦΕΡΗ |b ΕΥΑΓΓΕΛΙΑ |z 2014/09/16 | ||